000 00411nam a2200133Ia 4500
008 260210s9999 xx 000 0 und d
024 _a99BC3-008 & 99BCS3-026
082 _a005.3072 MAZ
100 _aMazhar Kaunain Baig & Muqaddam M. Shoaib
245 0 _aInventory & Sales System
260 _aKarachi:
_bUITU,
_c1999
600 _aComputer Science
650 _aBachelor of Computer Science (BS)
999 _c31683
_d31683